Представление документа в формате RUSMARC

ПолеНазваниеЗначение
  Тип записи a
  Библиографический уровень c
001 Контрольный номер RU/SLIB/B/208710867
005 Дата корректировки 20221201170957.5
010 Индекс ISBN __
d Цена 13-00; 0-75
100 Данные общей обработки __
a Данные общей обработки 20221201d1983 m y0rusy028902 ca
101 Язык документа 0_
a Язык текста rus
102 Страна публикации __
a Страна публикации RU
105 Кодированные данные (монография) __
a Кодированные данные (монография) a z 000yy
181 Поле кодированных данных: вид содержания _0
a Код вида содержания (ISBD) i
182 Поле кодированных данных: тип средства _0
a Код типа средства (ISBD) n
200 Заглавие и сведения об ответственности 1_
a Заглавие Тюменский меридиан
e Сведения, относящиеся к заглавию сборник
b Общее обозначение материала Текст
210 Выходные данные 1_
a Место издания М.
c Издательство Политиздат
d Дата издания 1983
215 Физическое описание __
a Объем 336 с.
c Иллюстрации/тип воспроизводства ил.
327 Примечание о содержании 0_
a Примечание о содержании Испытание Севером / Лутошкин Г. Д.
327 Примечание о содержании 0_
a Примечание о содержании Оптимизм и оптимизация / Салманов Ф. К.
327 Примечание о содержании 0_
a Примечание о содержании Люди и недра / Нестеров И. И.
327 Примечание о содержании 0_
a Примечание о содержании Начать с высоты / Шаповалов И. А.
327 Примечание о содержании 0_
a Примечание о содержании Вахты на Севере: опыт, проблемы / Петров В. С.
327 Примечание о содержании 0_
a Примечание о содержании Зов Уренгоя / Баряев П. А.
327 Примечание о содержании 0_
a Примечание о содержании Тогда в Сургуте... / Бахилов В. В.
327 Примечание о содержании 0_
a Примечание о содержании На буровой / Громов В.
327 Примечание о содержании 0_
a Примечание о содержании Возмужание / Чеботарев Г. Н.
327 Примечание о содержании 0_
a Примечание о содержании Приравняли перо / Замятин Н. Я.
327 Примечание о содержании 0_
a Примечание о содержании Коммунисты Самотлора / Лагунов К.
330 Аннотация __
a Аннотация Авторы сборника - партийные работники, журналисты, писатели, знатные люди тюменской области - рассказывают об организаторской и политической работе в трудовых коллективах, направленной на освоение и развитие одной из главных топливно-энергетических баз страны. Перед читателями - широкая панорама преобразований на Тюменском Севере, портреты героев наших дней - строителей, нефтяников.
606 Тематические рубрики __
a Основная рубрика Экономика
y Географическая подрубрика Россия; Тюменская область; Новый Уренгой
2 Код системы nlr_sh
606 Тематические рубрики __
2 Код системы nlr_sh
a Основная рубрика Экономика топливной промышленности
610 Ключевые слова 0_
a Ключевые слова краеведение; фотографии; нефть; газ; месторождения газа; месторождения нефти; освоение месторождений
686 Индексы других классификаций __
2 Код системы rubbks
a Классификационный индекс К65.305.143(2Рос-4Тюм) ; стК65.3
702 Вторичная интеллектуальная ответственность _1
a Фамилия Лутошкин
b Имя Г. Д.
4 Код отношения 070
702 Вторичная интеллектуальная ответственность _1
a Фамилия Салманов
b Имя Ф. К.
4 Код отношения 070
702 Вторичная интеллектуальная ответственность _1
a Фамилия Нестеров
b Имя И. И.
4 Код отношения 070
702 Вторичная интеллектуальная ответственность _1
a Фамилия Шаповалов
b Имя И. А.
4 Код отношения 070
702 Вторичная интеллектуальная ответственность _1
a Фамилия Петров
b Имя В. С.
4 Код отношения 070
702 Вторичная интеллектуальная ответственность _1
a Фамилия Баряев
b Имя П. А.
4 Код отношения 070
702 Вторичная интеллектуальная ответственность _1
a Фамилия Бахилов
b Имя В. В.
4 Код отношения 070
702 Вторичная интеллектуальная ответственность _1
a Фамилия Громов
b Имя В.
4 Код отношения 070
702 Вторичная интеллектуальная ответственность _1
a Фамилия Чеботарев
b Имя Г. Н.
4 Код отношения Автор
4 Код отношения 070
702 Вторичная интеллектуальная ответственность _1
a Фамилия Замятин
b Имя Н. Я.
4 Код отношения 070
702 Вторичная интеллектуальная ответственность _1
a Фамилия Лагунов
b Имя К.
4 Код отношения Автор
4 Код отношения 070
801 Источник записи _0
a Страна RU
b Организация Муниципальное бюджетное учреждение культуры "Централизованная библиотечная система" г. Сургут (Центральная городская библиотека им. А. С. Пушкина)
g Правила каталогизации ОБ/Бутенко
801 Источник записи _1
a Страна RU
b Организация Муниципальное бюджетное учреждение культуры "Централизованная библиотечная система" г. Сургут (Центральная городская библиотека им. А. С. Пушкина)
g Правила каталогизации ОБ/Бутенко
852 Данные о местонахождении __
j Шифр хранения К65.305.143(2Рос-4Тюм)
c Каталожный индекс К65.304.13(2Рос-4Тюм)
i Авторский знак Т 98
p Инвентарный номер 18786
901 Тип документа __
t Тип документа x
903 Характеристики (МАРС) __
a Дата передачи 19980316; 20010626
990 Данные о заказе (DOS) 00
j Количество экземпляров (DOS) 2; 13
t N записи в КСУ для И/У (DOS) 200106